Words within States - Statistics

General Stats
  • This quiz has been taken 73 times
  • The average score is 14 of 25
Answer Stats
Hint Answer % Correct
Alas Alaska
98%
Ark Arkansas
97%
Sylvan Pennsylvania
86%
Main Maine
85%
Sip Mississippi
75%
See Tennessee
75%
Tuck Kentucky
69%
Chi Michigan
69%
Bra Nebraska
68%
Sour Missouri
66%
Cons Wisconsin
63%
For California
59%
Gin Virginia/West Virginia
58%
Set Massachusetts
56%
Inn Minnesota
54%
Wham New Hampshire
54%
Rid Florida
46%
Ego Oregon
46%
Lab Alabama
39%
Rad Colorado
39%
Shin Washington
34%
Tan Montana
32%
Ode Rhode Island
31%
Tic Connecticut
29%
Law Delaware
22%
No matching quizzes found
Score Distribution
Percent of People with Each Score
Percentile by Number Answered
Your Score History
You have not taken this quiz